| 000 | 00954nam0a2200301 4500 | ||
|---|---|---|---|
| 001 | RU\NLR\bibl\49571 | ||
| 005 | 20260406122931.0 | ||
| 010 |
_a5-237-02252-9 _910000 |
||
| 021 |
_aRU _b99-31490 _91541 |
||
| 035 | _a(NLR Aleph) 000048334 | ||
| 090 |
_a257501 _c257501 |
||
| 100 | _a19990924d1999 |||y0rusy50 ca | ||
| 101 | 1 |
_arus _ceng |
|
| 102 | _aRU | ||
| 105 | _ay ||||||||| | ||
| 200 | 1 |
_aЛюбовь бессмертна _e[Роман] _fБертрис Смолл _g[Пер. с англ. Т.А. Перцевой] |
|
| 210 |
_aМ. _cАСТ _d1999 |
||
| 215 |
_a461 с. _d21 |
||
| 225 | 1 | _aСобрание сочинений | |
| 686 | _aШ6(7США)67-440.4 | ||
| 700 | 1 |
_4070 _7ca _8rus _aСмолл _bБ. _f1937-2015 _gБертрис _3RU\NLR\AUTH\77816 _9110856 |
|
| 801 | 0 |
_aRU _bNLR _c19990924 _gPSBO |
|
| 801 | 1 |
_aRU _bNLR _c19990924 |
|
| 852 |
_aNLR _j99-3/11396 |
||
| 942 | _cBOOK | ||
| 980 | _aNB | ||